|
|
|
|
| LEADER |
00000nta a2200000 i 4500 |
| 001 |
dolg33387 |
| 005 |
20221007104442.0 |
| 008 |
210421suuuu hu om 000 hun d |
| 040 |
|
|
|a BGE Dolgozattár Repozitórium
|b hun
|
| 041 |
|
|
|a hu
|
| 100 |
1 |
|
|a Rigó Fanni Mária
|
| 245 |
1 |
0 |
|a Kis- és középvállalkozások fejlesztésének lehetőségei, a hazai kkv-k külpiacra lépése, export teljesítményének növelése
|c Rigó Fanni Mária
|h [elektronikus dokumentum]
|
| 695 |
|
|
|a Exportösztönzés
|
| 695 |
|
|
|a Kérdőives felmérés
|
| 700 |
1 |
|
|a Nincs adat Nincs adat
|e ths
|
| 856 |
4 |
0 |
|u http://dolgozattar.uni-bge.hu/33387/1/D_17312_GVSN81.pdf
|z Dokumentum-elérés
|